Jennifer Lawrence movies - Statistics

General Stats
  • This quiz has been taken 22 times
    11 since last reset
  • The average score is 12 of 29
Answer Stats
year role Movie or show % Correct
2012 Katniss Everdeen The Hunger Games
100%
2013 Katniss Everdeen The Hunger Games: Catching fire
90%
2011 Raven/ Mystique X Men: First Class
90%
2015 Joy Joy
80%
2014 Katniss Everdeen The Huger Games: Mockingjay Part 1
80%
2015 Katniss Everdeen The Hunger Games: Mockingjay part 2
80%
2017 Mother Mother!
70%
2012 Tiffany Silver Linings Playbook
70%
2016 Raven/ Mystique X Men: Apocalypse
70%
2019 Raven/ Mystique X Men : Dark Phoenix
70%
2014 Raven/ Mystique X Men: Days of Future Past
60%
2013 Rosalyn Rosenfield American Hustle
50%
2016 Aurora Lane Passengers
50%
2018 Dominika egorova Red Sparrow
50%
2021 Kate Dibiasky Don't look up
40%
2010 Ree Winter's Bone
40%
2012 Elissa HOuse at the End of the Street
20%
2014 Serena Pemberton Serena
20%
2011 Norah The Beaver
20%
2008 Tiff Garden Party
10%
2011 Sam Like Crazy
10%
2006 tv Mascot Monk
10%
2007-2009 tv Lauren Pearson The Bill Engvall Show
10%
2008 Mariana The Burning Plain
10%
2013 Young Zoe The Devil You Know
10%
2008 Agnes The Poker House
10%
2007 tv Abby Bradford Cold Case
0%
2006 Caitlin Company Town
0%
2007-2008 tv young Allison/ Claire Chase Medium
0%
No matching quizzes found
Score Distribution
Percent of People with Each Score
Percentile by Number Answered
Your Score History
You have not taken this quiz since the last reset